000
00372nam a2200169Ia 4500
003
0STCL
008
150530s9999 xx 000 0 und d
040
_a
STCL
_c
STCL
100
_a
Sunderland, J.T.
245
_a
Wealth Beauty And Youth For All
260
_c
1946
300
_a
0
546
_a
English
942
_2
ddc
_c
BK
999
_c
44287
_d
44287
005
20220125170629.0